000 00615nam a22001337a 4500
040 _cRUA
082 _aAGR KOU 2018 B663 Or.1
100 _aKOUN PENGLY គួន ប៉េងលី
245 _aការវាយតម្លៃគុណភាពជីក្នុងប្រពន្ធ័ដាំដុះសណ្តែកសៀងជាមូលដ្ឋានតាមកសិកម្មអភិរក្ស soil quality assessment of soybean based conservation agriculture cropping systems
260 _aRUA
_bPhnom penh
_c2018
300 _avii;25p
_bill;
_c29cm
856 _uKOUN PENGLY
942 _cAGR
999 _c19227
_d19227